| 000 -LEADER |
| fixed length control field |
00652cam a2200205 a 4500 |
| 020 ## - INTERNATIONAL STANDARD BOOK NUMBER |
| ISBN |
0521304555 |
| 040 ## - CATALOGING SOURCE |
| Transcribing agency |
DLC |
| 082 00 - DEWEY DECIMAL CLASSIFICATION NUMBER |
| Classification number |
339 CAM 1986 A076 Or. |
| 245 00 - TITLE STATEMENT |
| Title |
Equilibrium analysis / |
| 260 ## - PUBLICATION, DISTRIBUTION, ETC. (IMPRINT) |
| Place of publication |
Cambridge [Cambridgeshire] ; |
| -- |
New York : |
| Name of publisher |
Cambridge University Press, |
| Year of publication |
1986. |
| 300 ## - PHYSICAL DESCRIPTION |
| Number of Pages |
xx, 318 p. : |
| Other physical details |
ill. ; |
| Dimensions |
24 cm. |
| 650 #0 - SUBJECT ADDED ENTRY--TOPICAL TERM |
| Topical Term |
Equilibrium (Economics) |
| 700 1# - ADDED ENTRY--PERSONAL NAME |
| Personal name |
Heller, Walter P. |
| 700 1# - ADDED ENTRY--PERSONAL NAME |
| Personal name |
Starr, Ross M. |
| 700 1# - ADDED ENTRY--PERSONAL NAME |
| Personal name |
Starrett, David A. |
| 700 1# - ADDED ENTRY--PERSONAL NAME |
| Personal name |
Arrow, Kenneth J. |
| 856 42 - ELECTRONIC LOCATION AND ACCESS |
| Uniform Resource Identifier |
http://www.loc.gov/catdir/description/cam023/86011693.html |
| 856 41 - ELECTRONIC LOCATION AND ACCESS |
| Uniform Resource Identifier |
http://www.loc.gov/catdir/toc/cam029/86011693.html |
| 942 ## - ADDED ENTRY ELEMENTS (KOHA) |
| Koha item type |
សៀវភៅភាសាអង់គ្លេស |
| 952 ## - LOCATION AND ITEM INFORMATION (KOHA) |
| Withdrawn status [LOCAL, KOHA] |
0 |